000 00704nam a22002177a 4500
999 _c17098
_d17098
003 AR-CdUCM
008 190507b ||||| |||| 00| 0 spa d
040 _aMUNICIPALIDAD PROVINCIAL DEL CUSCO
_cBIBLIOTECA MUNICIPAL DEL CUSCO
082 _a920 /
_bR83
100 _aRoosevelt, Eleanor
_936934
245 _aAutobiografía de Eleanor Roosevelt /
260 _aMéxico :
_bNovaro,
_c1964.
300 _a252 páginas ;
_c18 cm.
505 _aContenido : Esta es mi historia -- Esto es lo que recuerdo -- Por mi propia cuenta ...
650 _aBiografía
_922
650 _aVida
_9884
650 _aObra
_91250
700 _aIcaza, Analola N.
_936935
942 _2ddc
_cLIBROS
945 _arah
_d07/05/2019